[Event "Leiden op-A 10th"]
[Site "Leiden"]
[Date "2016.07.18"]
[Round "4"]
[White "Galehdari, Bardia"]
[Black "Plukkel, Sjoerd"]
[Result "1-0"]
[WhiteElo "2080"]
[BlackElo "2304"]
[PlyCount "119"]
[EventDate "2016.07.15"]
[EventType "swiss"]
[EventRounds "9"]
[EventCountry "NED"]
[SourceTitle "CBM 173 Extra"]
[Source "ChessBase"]
[SourceDate "2016.08.29"]
[SourceVersion "1"]
[SourceVersionDate "2016.08.29"]
[SourceQuality "1"]

1. e4 c5 2. Nf3 Nc6 3. Bb5 Na5 4. c3 a6 5. Ba4 b5 6. Bc2 d6 7. 0-0 Nf6 8. h3 Bb7 9. Qe2 e6 10. d4 Be7 11. dxc5 dxc5 12. Nbd2 Qc7 13. e5 Nd7 14. Re1 c4 15. Nf1 Rd8 16. Nd4 Nc6 17. Nxc6 Qxc6 18. Qg4 h5 19. Qxg7 Bf8 20. Qg3 h4 21. Qg4 Nc5 22. Nd2 Nd3 23. Ne4 Be7 24. Re3 Nxe5 25. Qg7 Rh5 26. f4 Ng6 27. Rf3 Qxe4 28. Bxe4 Rd1+ 29. Rf1 Bc5+ 30. Be3 Bxe3+ 31. Kh1 Rxf1+ 32. Rxf1 Bxe4 33. Re1 Bxf4 34. Rxe4 Rd5 35. Rd4 Rf5 36. Rd1 Bg3 37. Qg8+ Nf8 38. Qg4 Rf4 39. Qe2 Ng6 40. Rf1 Rxf1+ 41. Qxf1 Ne5 42. Qe2 Kd7 43. Qe3 Nc6 44. Qb6 Nb8 45. Qb7+ Ke8 46. a4 bxa4 47. Qc8+ Ke7 48. Qxc4 a3 49. bxa3 f5 50. Kg1 Kf6 51. Kf1 e5 52. Qc8 e4 53. c4 Be5 54. c5 Kg5 55. c6 Kf4 56. c7 Nc6 57. Qxf5+ Kxf5 58. c8Q+ Kf4 59. Qxc6 a5 60. Qc5 1-0

[Event "Oberliga NRW 1516"]
[Site "Germany"]
[Date "2016.05.08"]
[Round "9.6"]
[White "Plukkel, Sjoerd"]
[Black "Tochtenhagen, Wolfgang"]
[Result "1-0"]
[WhiteElo "2256"]
[BlackElo "2080"]
[PlyCount "43"]
[EventDate "2015.09.27"]
[EventType "team-tourn"]
[EventRounds "9"]
[EventCountry "GER"]
[SourceTitle "EXT 2017"]
[Source "ChessBase"]
[SourceDate "2016.10.25"]
[SourceVersion "1"]
[SourceVersionDate "2016.10.25"]
[SourceQuality "1"]
[WhiteTeam "Duesseldorf"]
[BlackTeam "Aachen Aufwaerts II"]
[WhiteTeamCountry "GER"]
[BlackTeamCountry "GER"]

1. e4 c5 2. Nf3 g6 3. Bc4 Bg7 4. c3 e6 5. Qe2 Nc6 6. d3 Nge7 7. e5 d5 8. exd6 Qxd6 9. Nbd2 f5 10. 0-0 h6 11. Re1 e5 12. Bb5 Bd7 13. Nc4 Qf6 14. Bxc6 Nxc6 15. Nfxe5 Nxe5 16. Qxe5+ Qxe5 17. Nxe5 0-0-0 18. Nf7 Bb5 19. Nxh8 Bxh8 20. Bxh6 Bxd3 21. Bg5 Rg8 22. Re7 1-0

[Event "Oberliga NRW 1415"]
[Site "Germany"]
[Date "2015.04.26"]
[Round "9.4"]
[White "Wittenberg, Andreas"]
[Black "Plukkel, Sjoerd"]
[Result "0-1"]
[WhiteElo "2167"]
[BlackElo "2298"]
[PlyCount "68"]
[EventDate "2014.09.14"]
[EventType "team-tourn"]
[EventRounds "9"]
[EventCountry "GER"]
[SourceTitle "EXT 2017"]
[Source "ChessBase"]
[SourceDate "2016.10.25"]
[SourceVersion "1"]
[SourceVersionDate "2016.10.25"]
[SourceQuality "1"]
[WhiteTeam "Muelheim Nord II"]
[BlackTeam "Duesseldorf"]
[WhiteTeamCountry "GER"]
[BlackTeamCountry "GER"]

1. d4 Nf6 2. Nf3 e6 3. g3 b6 4. Bg2 Bb7 5. 0-0 Be7 6. c4 0-0 7. d5 exd5 8. Nh4 Ne4 9. cxd5 Bxh4 10. Bxe4 Bf6 11. Nc3 d6 12. Qc2 h6 13. Be3 Nd7 14. Rfd1 Nc5 15. Bf3 a5 16. Rac1 Bc8 17. a3 Bd7 18. b4 axb4 19. axb4 Ra3 20. Bd4 Bxd4 21. Rxd4 Nb3 22. Qb2 Qa8 23. Nb1 Nxd4 24. Nxa3 Nxf3+ 25. exf3 Qxd5 26. Rxc7 Bh3 27. Qe2 Qb3 28. Nc2 Ra8 29. Ne1 Ra1 30. Re7 d5 31. Qe5 Rxe1+ 32. Qxe1 Qxf3 33. Re8+ Kh7 34. Qb1+ f5 0-1

[Event "Barbera del Valles op 36th"]
[Site "Barbera del Valles"]
[Date "2013.07.06"]
[Round "3"]
[White "Raghavi, Nagarajan"]
[Black "Plukkel, Sjoerd"]
[Result "1-0"]
[WhiteElo "2097"]
[BlackElo "2314"]
[PlyCount "87"]
[EventDate "2013.07.04"]
[EventType "swiss"]
[EventRounds "9"]
[EventCountry "ESP"]
[SourceTitle "CBM 155 Extra"]
[Source "ChessBase"]
[SourceDate "2013.08.26"]
[SourceVersion "1"]
[SourceVersionDate "2013.08.26"]
[SourceQuality "1"]

1. e4 c5 2. Nf3 d6 3. Bb5+ Nc6 4. 0-0 Bd7 5. Re1 e5 6. c3 a6 7. Bxc6 Bxc6 8. d4 cxd4 9. cxd4 Qc7 10. Nc3 Nf6 11. Nd5 Nxd5 12. exd5 Bxd5 13. Bf4 e4 14. Ng5 f5 15. f3 Be7 16. fxe4 fxe4 17. Qh5+ g6 18. Qh6 Qb6 19. Rad1 0-0-0 20. Nxe4 Qxb2 21. Qh3+ Kb8 22. Nc3 Bf6 23. Nxd5 Bxd4+ 24. Kh1 Bc5 25. Qb3 Qxb3 26. axb3 Rhf8 27. Re7 Rf5 28. g4 Rff8 29. Rxh7 Rde8 30. Bg3 a5 31. Re7 Rxe7 32. Nxe7 Kc7 33. Kg2 g5 34. Nf5 Rf6 35. h4 gxh4 36. Bxh4 Rg6 37. Kf3 b5 38. Ra1 Bb4 39. Ne7 Rh6 40. Nd5+ Kc6 41. Nxb4+ axb4 42. Bg3 Kd5 43. Rd1+ Kc5 44. Bxd6+ 1-0

[Event "Wijk aan Zee IJmond"]
[Site "Wijk aan Zee"]
[Date "2013.06.22"]
[Round "2"]
[White "De Ruiter, Danny"]
[Black "Plukkel, Sjoerd"]
[Result "1/2-1/2"]
[WhiteElo "2254"]
[BlackElo "2314"]
[PlyCount "55"]
[EventDate "2013.06.21"]
[EventType "tourn"]
[EventRounds "3"]
[EventCountry "NED"]
[EventCategory "2"]
[SourceTitle "CBM 155 Extra"]
[Source "ChessBase"]
[SourceDate "2013.08.26"]
[SourceVersion "1"]
[SourceVersionDate "2013.08.26"]
[SourceQuality "1"]

1. d4 Nf6 2. c4 c5 3. d5 b5 4. cxb5 a6 5. bxa6 Bxa6 6. Nc3 g6 7. Nf3 Bg7 8. g3 0-0 9. Bg2 d6 10. 0-0 Nbd7 11. Rb1 Qc7 12. b3 Rfb8 13. Qc2 Rb4 14. a4 Rab8 15. Na2 R4b7 16. Nc3 c4 17. b4 Rxb4 18. Nb5 Qa5 19. Rxb4 Qxb4 20. Nfd4 Bxb5 21. axb5 Qc5 22. Nc6 Re8 23. Be3 Qxb5 24. Rb1 Qa6 25. Nb4 Qc8 26. Nc6 Qa6 27. Nb4 Qc8 28. Nc6 1/2-1/2

[Event "Wijk aan Zee IJmond"]
[Site "Wijk aan Zee"]
[Date "2013.06.21"]
[Round "1"]
[White "Plukkel, Sjoerd"]
[Black "Van Hengel, Hugo G"]
[Result "1-0"]
[WhiteElo "2314"]
[BlackElo "2248"]
[PlyCount "79"]
[EventDate "2013.06.21"]
[EventType "tourn"]
[EventRounds "3"]
[EventCountry "NED"]
[EventCategory "2"]
[SourceTitle "CBM 155 Extra"]
[Source "ChessBase"]
[SourceDate "2013.08.26"]
[SourceVersion "1"]
[SourceVersionDate "2013.08.26"]
[SourceQuality "1"]

1. e4 e5 2. Nf3 Nc6 3. d4 exd4 4. Nxd4 Nf6 5. Nc3 Bb4 6. Nxc6 bxc6 7. Bd3 d5 8. exd5 cxd5 9. 0-0 0-0 10. Bg5 c6 11. Ne2 Bd6 12. Nd4 c5 13. Nb5 Be7 14. Qf3 Be6 15. b3 Qd7 16. c4 Rad8 17. Qe2 Rfe8 18. Bf4 Rc8 19. Rad1 d4 20. Rfe1 a6 21. Na3 Bd6 22. Bxd6 Qxd6 23. Qe5 Qd8 24. Qg3 Nh5 25. Qe5 Nf6 26. Qg3 Qa5 27. Nc2 Qxa2 28. Ra1 Qb2 29. Reb1 Qc3 30. Rxa6 Rb8 31. h3 Bxc4 32. Bxc4 Qxc2 33. Bd3 Qc3 34. Rxf6 c4 35. Rxf7 Kxf7 36. Bxc4+ Qxc4 37. bxc4 Rxb1+ 38. Kh2 Rd8 39. Qc7+ Ke8 40. Qe5+ 1-0

[Event "Bussum op 30th"]
[Site "Bussum"]
[Date "2013.05.19"]
[Round "4"]
[White "Moes, Waldemar"]
[Black "Plukkel, Sjoerd"]
[Result "1-0"]
[WhiteElo "2071"]
[BlackElo "2347"]
[PlyCount "87"]
[EventDate "2013.05.18"]
[EventType "swiss"]
[EventRounds "7"]
[EventCountry "NED"]
[SourceTitle "CBM 154 Extra"]
[Source "ChessBase"]
[SourceDate "2013.06.25"]
[SourceVersion "2"]
[SourceVersionDate "2013.06.25"]
[SourceQuality "1"]

1. e4 c5 2. Nf3 d6 3. d4 cxd4 4. Nxd4 Nf6 5. Nc3 Nc6 6. Bg5 e6 7. Qd2 Be7 8. 0-0-0 0-0 9. Ndb5 Qa5 10. Bxf6 Bxf6 11. Nxd6 Rd8 12. f4 e5 13. Qd5 Qxd5 14. exd5 Rxd6 15. Ne4 Rd7 16. Nxf6+ gxf6 17. dxc6 Rxd1+ 18. Kxd1 bxc6 19. Bd3 Be6 20. Re1 Re8 21. Kd2 Bd7 22. b4 Kg7 23. a4 Rb8 24. Kc3 Re8 25. b5 Rc8 26. Kb4 c5+ 27. Kb3 Be6+ 28. Bc4 exf4 29. Bxe6 Re8 30. a5 fxe6 31. Kc4 e5 32. b6 axb6 33. axb6 Rb8 34. Kb5 Kf7 35. c4 Ke6 36. Kxc5 Rc8+ 37. Kb5 f5 38. c5 e4 39. b7 Rb8 40. c6 Kd6 41. Rd1+ Ke7 42. Kb6 f3 43. gxf3 exf3 44. c7 1-0

[Event "Bussum op 30th"]
[Site "Bussum"]
[Date "2013.05.19"]
[Round "5"]
[White "Plukkel, Sjoerd"]
[Black "Verwoert, Jef"]
[Result "1-0"]
[WhiteElo "2347"]
[BlackElo "2016"]
[PlyCount "87"]
[EventDate "2013.05.18"]
[EventType "swiss"]
[EventRounds "7"]
[EventCountry "NED"]
[SourceTitle "CBM 154 Extra"]
[Source "ChessBase"]
[SourceDate "2013.06.25"]
[SourceVersion "2"]
[SourceVersionDate "2013.06.25"]
[SourceQuality "1"]

1. d4 Nf6 2. c3 b6 3. Bg5 e6 4. Nd2 h6 5. Bh4 Be7 6. e4 Bb7 7. Bd3 d6 8. Ngf3 Nbd7 9. 0-0 0-0 10. Qe2 Nh5 11. Bg3 e5 12. Nc4 Nf4 13. Bxf4 exf4 14. e5 dxe5 15. Ncxe5 Nxe5 16. Nxe5 Bd6 17. Qh5 Bxe5 18. Qxe5 Qd5 19. Qxd5 Bxd5 20. Rfe1 Rfe8 21. a3 Kf8 22. Ba6 Rxe1+ 23. Rxe1 Re8 24. Rc1 Re6 25. c4 Ba8 26. d5 Rd6 27. Bb5 c6 28. dxc6 Bxc6 29. Bxc6 Rxc6 30. Kf1 Re6 31. Re1 Ke7 32. Rxe6+ fxe6 33. Ke2 Kf6 34. Kd3 Ke5 35. h4 g5 36. hxg5 hxg5 37. f3 Kf5 38. b4 e5 39. c5 bxc5 40. bxc5 e4+ 41. fxe4+ Ke5 42. c6 Kd6 43. e5+ Kxc6 44. Ke4 1-0

[Event "Bussum op 30th"]
[Site "Bussum"]
[Date "2013.05.18"]
[Round "2"]
[White "Ypma, Peter"]
[Black "Plukkel, Sjoerd"]
[Result "1/2-1/2"]
[WhiteElo "2152"]
[BlackElo "2347"]
[PlyCount "113"]
[EventDate "2013.05.18"]
[EventType "swiss"]
[EventRounds "7"]
[EventCountry "NED"]
[SourceTitle "CBM 154 Extra"]
[Source "ChessBase"]
[SourceDate "2013.06.25"]
[SourceVersion "2"]
[SourceVersionDate "2013.06.25"]
[SourceQuality "1"]

1. d4 Nf6 2. g3 e6 3. Bg2 c5 4. Nf3 cxd4 5. Nxd4 Nc6 6. 0-0 Bc5 7. Nb3 Be7 8. c4 0-0 9. Nc3 a6 10. Be3 Ne5 11. Qd4 d6 12. Rac1 Rb8 13. Rfd1 Qc7 14. Ne4 Nxe4 15. Bxe4 b6 16. Bf4 Rd8 17. c5 bxc5 18. Nxc5 Qa5 19. Nb3 Qxa2 20. Qa7 Bb7 21. Bxb7 Qxb3 22. Bxa6 Bf6 23. Qc7 Qb6 24. Qxb6 Rxb6 25. Rc8 Rxc8 26. Bxc8 d5 27. Ra1 g5 28. Bxe5 Bxe5 29. Rb1 Bxb2 30. Bd7 Kf8 31. Ba4 f5 32. e3 Ke7 33. Kf1 Kd6 34. Ke2 Kc5 35. Kd3 e5 36. Kc2 Ba3 37. Rxb6 Kxb6 38. Bd7 f4 39. gxf4 gxf4 40. exf4 e4 41. Bg4 Bd6 42. f3 e3 43. Kd3 Bxf4 44. h4 Kc5 45. h5 h6 46. Bf5 Kd6 47. Bg6 Ke6 48. Ke2 Kf6 49. Kd3 Kg5 50. Ke2 Kh4 51. Kd3 Bg5 52. Ke2 Kg3 53. Bd3 d4 54. Bg6 Kh4 55. Kd3 Bf4 56. Ke2 Kg5 57. Ke1 1/2-1/2

[Event "Wijk Cultural Village"]
[Site "Wijk aan Zee"]
[Date "2012.11.25"]
[Round "6"]
[White "Plukkel, Sjoerd"]
[Black "Schoorl, Rob"]
[Result "1/2-1/2"]
[WhiteElo "2330"]
[BlackElo "2363"]
[PlyCount "122"]
[EventDate "2012.11.19"]
[EventType "tourn"]
[EventRounds "9"]
[EventCountry "NED"]
[EventCategory "7"]
[SourceTitle "CBM 151 Extra"]
[Source "ChessBase"]
[SourceDate "2012.12.18"]
[SourceVersion "1"]
[SourceVersionDate "2012.12.18"]
[SourceQuality "1"]

1. d4 e6 2. e4 d5 3. e5 c5 4. c3 Nc6 5. Nf3 Bd7 6. a3 f6 7. Bf4 Qb6 8. b4 cxd4 9. cxd4 g5 10. Be3 g4 11. Nfd2 fxe5 12. dxe5 Qc7 13. Qxg4 Nxe5 14. Qh5+ Ng6 15. Bd3 Qc1+ 16. Ke2 Qxh1 17. Bxg6+ hxg6 18. Qxh8 Bb5+ 19. Kf3 Qd1+ 20. Kg3 Bd6+ 21. Kh3 0-0-0 22. Qc3+ Kb8 23. Nf3 e5 24. Nbd2 Qe2 25. Re1 d4 26. Qb3 Bd7+ 27. g4 Qb5 28. Bg5 Re8 29. Ne4 Bc7 30. Kg3 Be6 31. Qc2 Ne7 32. Qc5 Qxc5 33. bxc5 Nd5 34. Nd6 e4 35. Rxe4 Nc3 36. Re5 Bd7 37. Rxe8+ Bxe8 38. Kg2 Bc6 39. Bf6 Ne4 40. Nxe4 Bxe4 41. Bxd4 Bf4 42. h4 Kc7 43. h5 gxh5 44. gxh5 Kd7 45. h6 Bxh6 46. Kg3 Bc1 47. c6+ Kxc6 48. Bxa7 Bxa3 49. Nd4+ Kd5 50. f3 Bd3 51. Kf2 Bc1 52. Bb6 Kc4 53. Ne6 Kb5 54. Nc5 Bf5 55. Nb3 Bb2 56. Nd4+ Kxb6 57. Nxf5 Kc5 58. Ke2 Be5 59. Kd3 b5 60. Ne3 b4 61. Kc2 Ba1 1/2-1/2

[Event "Wijk Cultural Village"]
[Site "Wijk aan Zee"]
[Date "2012.11.22"]
[Round "4"]
[White "Plukkel, Sjoerd"]
[Black "Castaneda, Georgui"]
[Result "1/2-1/2"]
[WhiteElo "2330"]
[BlackElo "2518"]
[PlyCount "81"]
[EventDate "2012.11.19"]
[EventType "tourn"]
[EventRounds "9"]
[EventCountry "NED"]
[EventCategory "7"]
[SourceTitle "CBM 151 Extra"]
[Source "ChessBase"]
[SourceDate "2012.12.18"]
[SourceVersion "1"]
[SourceVersionDate "2012.12.18"]
[SourceQuality "1"]

1. e4 e6 2. d4 d5 3. e5 c5 4. c3 Nc6 5. Nf3 Nge7 6. a3 Nf5 7. b4 cxd4 8. cxd4 Bd7 9. Bb2 b5 10. Bd3 a5 11. Bxf5 exf5 12. Nc3 axb4 13. Nxb5 bxa3 14. Bc3 Qb6 15. Qe2 Nd8 16. Nd6+ Bxd6 17. exd6+ Ne6 18. 0-0 Bb5 19. Rfb1 Bxe2 20. Rxb6 Bxf3 21. gxf3 Kd7 22. Rb7+ Kxd6 23. Rc1 Kc6 24. Rxf7 Ra4 25. Ba5+ Rc4 26. Rb1 Nxd4 27. Rb6+ Kc5 28. Rc7+ Nc6 29. Rbxc6+ Kb5 30. Rxc4 dxc4 31. Bc3 Ra8 32. Rb7+ Kc5 33. Rb1 a2 34. Ra1 Ra3 35. Bxg7 Kb4 36. Kf1 c3 37. Bf8+ Kb3 38. Bxa3 Kxa3 39. Ke2 Kb2 40. Kd3 Kxa1 41. Kc2 1/2-1/2

[Event "Wijk Cultural Village"]
[Site "Wijk aan Zee"]
[Date "2012.11.21"]
[Round "2"]
[White "Plukkel, Sjoerd"]
[Black "Demuth, Adrien"]
[Result "0-1"]
[WhiteElo "2330"]
[BlackElo "2479"]
[PlyCount "70"]
[EventDate "2012.11.19"]
[EventType "tourn"]
[EventRounds "9"]
[EventCountry "NED"]
[EventCategory "7"]
[SourceTitle "CBM 151 Extra"]
[Source "ChessBase"]
[SourceDate "2012.12.18"]
[SourceVersion "1"]
[SourceVersionDate "2012.12.18"]
[SourceQuality "1"]

1. e4 e5 2. Nf3 Nc6 3. a3 Nf6 4. Nc3 Bc5 5. Nxe5 0-0 6. Nxc6 dxc6 7. Be2 Qd4 8. 0-0 Nxe4 9. Nxe4 Qxe4 10. b4 Bd6 11. Bb2 a5 12. Bf3 Qf5 13. bxa5 Rxa5 14. d3 Qg6 15. Qd2 Rg5 16. h4 Rb5 17. h5 Qg5 18. Qxg5 Rxg5 19. Rfe1 h6 20. c4 Bg4 21. Bxg4 Rxg4 22. Re4 Rg5 23. Rh4 Ra8 24. d4 b6 25. Bc1 Rga5 26. Rh3 Ra4 27. Rc3 c5 28. Be3 cxd4 29. Bxd4 c5 30. Be3 Be5 31. Bd2 Bxc3 32. Bxc3 Rxa3 33. Rc1 R8a4 34. Be5 f6 35. Bc7 Ra1 0-1

[Event "Wijk Cultural Village"]
[Site "Wijk aan Zee"]
[Date "2012.11.21"]
[Round "3"]
[White "Rozentalis, Eduardas"]
[Black "Plukkel, Sjoerd"]
[Result "1/2-1/2"]
[WhiteElo "2592"]
[BlackElo "2330"]
[PlyCount "95"]
[EventDate "2012.11.19"]
[EventType "tourn"]
[EventRounds "9"]
[EventCountry "NED"]
[EventCategory "7"]
[SourceTitle "CBM 151 Extra"]
[Source "ChessBase"]
[SourceDate "2012.12.18"]
[SourceVersion "1"]
[SourceVersionDate "2012.12.18"]
[SourceQuality "1"]

1. e4 c5 2. Nf3 Nc6 3. c3 d5 4. exd5 Qxd5 5. d4 cxd4 6. cxd4 e5 7. Nc3 Bb4 8. Qd2 Bxc3 9. bxc3 exd4 10. cxd4 Nf6 11. Be2 0-0 12. 0-0 Bg4 13. Bb2 Rad8 14. h3 Bh5 15. Rfe1 Rfe8 16. Qc3 Ne4 17. Qb3 Qxb3 18. axb3 Nd2 19. g4 Rxe2 20. Rxe2 Nxf3+ 21. Kg2 Nh4+ 22. Kh2 Nf3+ 23. Kg2 Nh4+ 24. Kh2 Nf3+ 25. Kh1 Bg6 26. Kg2 Ng5 27. d5 Bd3 28. Re3 Nb4 29. Rae1 Be4+ 30. Rxe4 Nxe4 31. Rxe4 Nxd5 32. g5 f6 33. gxf6 gxf6 34. Kf3 Kf7 35. Rh4 Kg6 36. Rg4+ Kf5 37. Rh4 Rd7 38. Rd4 h5 39. Ra4 b6 40. Rh4 Kg5 41. Rd4 a5 42. Ke4 f5+ 43. Ke5 Nf6 44. Ke6 Rxd4 45. Bxd4 Ne4 46. Bxb6 Kh4 47. Bxa5 Nc5+ 48. Kxf5 1/2-1/2

[Event "Amsterdam Science Park op-A 2nd"]
[Site "Amsterdam"]
[Date "2012.07.22"]
[Round "9"]
[White "Plukkel, Sjoerd"]
[Black "Haslinger, Stewart"]
[Result "1-0"]
[WhiteElo "2274"]
[BlackElo "2536"]
[PlyCount "79"]
[EventDate "2012.07.14"]
[EventType "swiss"]
[EventRounds "9"]
[EventCountry "NED"]
[SourceTitle "CBM 149 Extra"]
[Source "ChessBase"]
[SourceDate "2012.08.24"]
[SourceVersion "1"]
[SourceVersionDate "2012.08.24"]
[SourceQuality "1"]

1. e4 e5 2. Nf3 Nc6 3. d4 exd4 4. Nxd4 Bb4+ 5. Bd2 Be7 6. Nf5 Bf6 7. Bc3 g6 8. Ne3 d6 9. Bc4 Be6 10. Qe2 Qe7 11. 0-0 Bxc3 12. Nxc3 Nf6 13. Ncd5 Bxd5 14. exd5 Ne5 15. Bb5+ Kf8 16. Rae1 a6 17. f4 axb5 18. fxe5 dxe5 19. Qxb5 Kg7 20. Nc4 e4 21. Rf4 Ra6 22. Ref1 c6 23. dxc6 Rxc6 24. Ne3 Rhc8 25. Qg5 Qd8 26. g4 Qd4 27. Rxf6 Rxf6 28. Rxf6 h6 29. Rd6 Qxb2 30. Nf5+ Kg8 31. Rxg6+ fxg6 32. Qxg6+ Kf8 33. Qd6+ Kf7 34. Qd7+ Kg6 35. Qe6+ Kg5 36. Qxh6+ Kxg4 37. Ne3+ Kf3 38. Qh3+ Ke2 39. Qg2+ Ke1 40. Qf2# 1-0

[Event "Amsterdam Science Park op-A 2nd"]
[Site "Amsterdam"]
[Date "2012.07.15"]
[Round "2"]
[White "Plukkel, Sjoerd"]
[Black "Pruijssers, Roeland"]
[Result "1/2-1/2"]
[WhiteElo "2274"]
[BlackElo "2525"]
[PlyCount "87"]
[EventDate "2012.07.14"]
[EventType "swiss"]
[EventRounds "9"]
[EventCountry "NED"]
[SourceTitle "CBM 149 Extra"]
[Source "ChessBase"]
[SourceDate "2012.08.24"]
[SourceVersion "1"]
[SourceVersionDate "2012.08.24"]
[SourceQuality "1"]

1. e4 e5 2. Nf3 Nc6 3. Bc4 Nf6 4. Qe2 Be7 5. d4 d5 6. exd5 Nxd4 7. Nxd4 exd4 8. 0-0 0-0 9. Bf4 Re8 10. Qf3 Bg4 11. Qg3 Qd7 12. Qb3 Nh5 13. Bg3 Nxg3 14. hxg3 Bg5 15. Qxb7 Reb8 16. Qa6 Rb6 17. Qa5 Rxb2 18. Na3 Rb6 19. Rfe1 a6 20. Rab1 Be7 21. Bd3 Bxa3 22. Qxa3 Rxb1 23. Rxb1 Qxd5 24. Qe7 Qxa2 25. Re1 Be6 26. Qxc7 g6 27. Qb6 a5 28. Qxd4 a4 29. Ra1 Qd5 30. Rxa4 Qxd4 31. Rxd4 Ra1+ 32. Kh2 h5 33. Bc4 Bxc4 34. Rxc4 Rf1 35. Rf4 Kg7 36. f3 f5 37. Rc4 g5 38. Rc5 Kg6 39. Rc6+ Kg7 40. Rc7+ Kg6 41. Rc6+ Kg7 42. g4 hxg4 43. fxg4 f4 44. Rc7+ 1/2-1/2

[Event "Wijk aan Zee IJmond"]
[Site "Wijk aan Zee"]
[Date "2012.06.24"]
[Round "3"]
[White "Plukkel, Sjoerd"]
[Black "Klein, David"]
[Result "1/2-1/2"]
[WhiteElo "2274"]
[BlackElo "2438"]
[PlyCount "41"]
[EventDate "2012.06.22"]
[EventType "tourn"]
[EventRounds "4"]
[EventCountry "NED"]
[SourceTitle "EXT 2013"]
[Source "ChessBase"]
[SourceDate "2012.11.22"]
[SourceVersion "1"]
[SourceVersionDate "2012.11.22"]
[SourceQuality "1"]

1. e4 e5 2. Nf3 Nc6 3. d4 exd4 4. Nxd4 g6 5. Bc4 Bg7 6. Be3 Ne5 7. Bb3 Nf6 8. Nc3 0-0 9. Qe2 d6 10. 0-0-0 Nfg4 11. Bf4 Nc6 12. Nxc6 bxc6 13. f3 Ne5 14. h4 h5 15. Bg5 Bf6 16. Bh6 Bg7 17. Bg5 Bf6 18. Bh6 Bg7 19. Qe3 Bxh6 20. Qxh6 Qf6 21. Ne2 1/2-1/2

[Event "Amsterdam Science Park op-A 1st"]
[Site "Amsterdam"]
[Date "2011.07.14"]
[Round "6"]
[White "Brookes, Christopher"]
[Black "Plukkel, Sjoerd"]
[Result "0-1"]
[WhiteElo "2056"]
[BlackElo "2298"]
[PlyCount "66"]
[EventDate "2011.07.09"]
[EventType "swiss"]
[EventRounds "9"]
[EventCountry "NED"]
[SourceTitle "CBM 143 Extra"]
[Source "ChessBase"]
[SourceDate "2011.08.29"]
[SourceVersion "1"]
[SourceVersionDate "2011.08.29"]
[SourceQuality "1"]

1. e4 c5 2. Nf3 d6 3. d4 cxd4 4. Nxd4 Nf6 5. Nc3 Nc6 6. Bg5 e6 7. Qd2 Be7 8. 0-0-0 0-0 9. f4 Nxd4 10. Qxd4 Qa5 11. Bc4 Bd7 12. e5 dxe5 13. fxe5 Bc6 14. Bd2 Nd7 15. Nd5 Qd8 16. Nxe7+ Qxe7 17. Rhe1 Nb6 18. Qg4 Nxc4 19. Qxc4 Rac8 20. Qg4 Bd5 21. Bg5 Qc5 22. c3 Kh8 23. Qh4 Qc4 24. Rd4 Qxa2 25. Bf6 Rg8 26. Re3 gxf6 27. Qxf6+ Rg7 28. Rg3 Rcg8 29. Rxg7 Qa1+ 30. Kc2 Rxg7 31. Rg4 Bb3+ 32. Kxb3 Qd1+ 33. Ka3 Qxg4 0-1

[Event "Amsterdam Science Park op-A 1st"]
[Site "Amsterdam"]
[Date "2011.07.10"]
[Round "2"]
[White "Edeling, Jeroen"]
[Black "Plukkel, Sjoerd"]
[Result "0-1"]
[WhiteElo "2115"]
[BlackElo "2298"]
[PlyCount "82"]
[EventDate "2011.07.09"]
[EventType "swiss"]
[EventRounds "9"]
[EventCountry "NED"]
[SourceTitle "CBM 143 Extra"]
[Source "ChessBase"]
[SourceDate "2011.08.29"]
[SourceVersion "1"]
[SourceVersionDate "2011.08.29"]
[SourceQuality "1"]

1. e4 e5 2. Nf3 Nf6 3. Nxe5 d6 4. Nf3 Nxe4 5. Nc3 Nxc3 6. dxc3 Bf5 7. Be3 Nc6 8. Qd2 Be7 9. 0-0-0 Qd7 10. Kb1 a6 11. Re1 0-0 12. h4 b5 13. Ng5 b4 14. c4 Rab8 15. Bd3 b3 16. axb3 Nb4 17. Bxf5 Qxf5 18. Ne4 Qxe4 19. Bc5 Qxg2 20. Bxb4 Bf6 21. Reg1 Qf3 22. Rh2 Rfe8 23. Bc3 Re2 24. Qd1 Bxc3 25. bxc3 Qe4 26. Kb2 Qxc4 27. Kb1 a5 28. Rhg2 g6 29. Rg4 Qe6 30. h5 Rxf2 31. hxg6 fxg6 32. Ka1 Qf6 33. Qd3 Qf5 34. Qxf5 Rxf5 35. Rc4 Rc5 36. Rxc5 dxc5 37. Rg4 Rf8 38. Ra4 h5 39. Rxa5 h4 40. Ra4 g5 41. Rg4 Rf5 0-1

[Event "Amsterdam Science Park op-A 1st"]
[Site "Amsterdam"]
[Date "2011.07.09"]
[Round "1"]
[White "Plukkel, Sjoerd"]
[Black "Sanders, Isaac B"]
[Result "1/2-1/2"]
[WhiteElo "2298"]
[BlackElo "2105"]
[PlyCount "143"]
[EventDate "2011.07.09"]
[EventType "swiss"]
[EventRounds "9"]
[EventCountry "NED"]
[SourceTitle "CBM 143 Extra"]
[Source "ChessBase"]
[SourceDate "2011.08.29"]
[SourceVersion "1"]
[SourceVersionDate "2011.08.29"]
[SourceQuality "1"]

1. e4 c5 2. Nf3 d6 3. d4 cxd4 4. Nxd4 Nf6 5. Nc3 a6 6. Bg5 e6 7. f4 Be7 8. Qf3 Qc7 9. 0-0-0 Nbd7 10. g4 h6 11. Qh3 Nc5 12. Bg2 Bd7 13. f5 0-0-0 14. Bh4 Kb8 15. Qf3 Rc8 16. fxe6 fxe6 17. Rhe1 Rhf8 18. Qe2 g6 19. e5 dxe5 20. Bg3 Bd6 21. Ndb5 Bxb5 22. Nxb5 axb5 23. Rxd6 Nfe4 24. Bxe4 Qxd6 25. Qxb5 Rfd8 26. Qa5 Nd7 27. Rd1 Qc5 28. Qxc5 Rxc5 29. Bxg6 Kc7 30. Bf7 Rc6 31. Re1 Kd6 32. Rd1+ Kc7 33. Re1 Kd6 34. Bg6 Rg8 35. Be4 Rb6 36. Rd1+ Kc7 37. h3 Ra6 38. a3 Rd6 39. Rxd6 Kxd6 40. Bxb7 h5 41. Bf3 hxg4 42. hxg4 Nf6 43. b4 Nxg4 44. c4 Ne3 45. c5+ Kd7 46. Bh2 Nc4 47. b5 Nxa3 48. Bc6+ Kc8 49. Kb2 Nxb5 50. Bxe5 Rg5 51. Bf4 Rxc5 52. Be8 e5 53. Be3 Nd4 54. Bg6 Kc7 55. Be4 Kd6 56. Bd2 Rc8 57. Be3 Ne6 58. Bf5 Rf8 59. Bg4 Rg8 60. Bf5 e4 61. Bxe4 Rg4 62. Bf5 Rg2+ 63. Kc3 Nd8 64. Bf4+ Ke7 65. Kd3 Nf7 66. Ke3 Kf6 67. Be4 Ra2 68. Bd5 Ra3+ 69. Kd4 Ra4+ 70. Ke3 Nh8 71. Be4 Ra3+ 72. Kd4 1/2-1/2

[Event "Cappelle op 27th"]
[Site "Cappelle la Grande"]
[Date "2011.02.27"]
[Round "2"]
[White "Vera Gonzalez Quevedo, Reynaldo"]
[Black "Plukkel, Sjoerd"]
[Result "1/2-1/2"]
[WhiteElo "2518"]
[BlackElo "2276"]
[PlyCount "103"]
[EventDate "2011.02.26"]
[EventType "swiss"]
[EventRounds "9"]
[EventCountry "FRA"]
[SourceTitle "CBM 141 Extra"]
[Source "ChessBase"]
[SourceDate "2011.05.03"]
[SourceVersion "1"]
[SourceVersionDate "2011.05.03"]
[SourceQuality "1"]

1. Nf3 d6 2. d4 Nd7 3. c4 e5 4. Nc3 exd4 5. Qxd4 Ngf6 6. g3 Be7 7. Bg2 0-0 8. 0-0 a5 9. h3 Nc5 10. e4 c6 11. Rb1 Re8 12. Rd1 Qc7 13. Kh2 Bf8 14. Nh4 Qe7 15. Nf5 Bxf5 16. exf5 Qe5 17. Qf4 Rad8 18. Be3 Qxf4 19. Bxf4 Nfe4 20. Nxe4 Nxe4 21. Be3 a4 22. Rd4 Nf6 23. Rbd1 Ra8 24. R1d2 Ra5 25. g4 h5 26. Kg3 c5 27. R4d3 hxg4 28. hxg4 Ne4+ 29. Bxe4 Rxe4 30. Bf4 Rxc4 31. Bxd6 Re4 32. Bc7 Ra8 33. Rd8 Re8 34. Kf3 Raxd8 35. Rxd8 Rxd8 36. Bxd8 b5 37. b3 axb3 38. axb3 c4 39. bxc4 bxc4 40. Ke4 Bc5 41. f3 f6 42. Ba5 Kf7 43. Kd5 Be3 44. Kxc4 g5 45. Kd5 Bf4 46. Bb6 Bc1 47. Bc7 Bd2 48. Bd6 Bc1 49. Ke4 Bd2 50. f4 gxf4 51. Bxf4 Bc3 52. Bg3 1/2-1/2